| 000 | 00685nam a22001337a 4500 | ||
|---|---|---|---|
| 040 | _cRUA | ||
| 082 | _aVEM LUN 2015 B533 Or.1 | ||
| 100 | _aLUN VISAY; លន់ វិស័យ | ||
| 245 | _aEffect of levamisol and ivomec-f on gastrointestinal parasites in fattening pig at prey kabas district, takeo province; ប្រសិទ្ធភាព Levamisol និង Ivomec-f លើបរាសិតក្នុងក្រពះពោះវៀនជ្រូកសាច់ នៅក្នុងស្រុកព្រៃកប្បាស ខេត្តតាកែវ | ||
| 260 |
_aPHNOM PENH _bLUN _c2015 |
||
| 300 |
_ax;41p. _bill. _c29cm. |
||
| 856 | _u LUN VISAY | ||
| 942 | _cVEM | ||
| 999 |
_c10910 _d10910 |
||